[Event "St Petersburg-ch sf"]
[Site "St Petersburg"]
[Date "2011.02.15"]
[Round "5"]
[White "Barhudarian, Rafael"]
[Black "Kadyrov, Albert"]
[Result "1-0"]
[WhiteElo "2319"]
[BlackElo "2153"]
[PlyCount "89"]
[EventDate "2011.02.11"]
[EventType "swiss"]
[EventRounds "9"]
[EventCountry "RUS"]
[SourceTitle "CBM 141 Extra"]
[Source "ChessBase"]
[SourceDate "2011.05.03"]
[SourceVersion "1"]
[SourceVersionDate "2011.05.03"]
[SourceQuality "1"]

1. d4 d6 2. Nc3 Nf6 3. Bg5 Nbd7 4. Nf3 c6 5. a4 e5 6. e4 Be7 7. Be2 0-0 8. 0-0 Qc7 9. Re1 b6 10. Bf1 a6 11. Nb1 h6 12. Bh4 Re8 13. c4 Nf8 14. Nc3 Bg4 15. d5 c5 16. h3 Bd7 17. Bg3 N6h7 18. Qd3 Ng6 19. Rad1 Bg5 20. h4 Bf6 21. h5 Ngf8 22. Nh2 Bg5 23. Be2 Qd8 24. Rf1 Bf4 25. Bxf4 exf4 26. Qf3 Qh4 27. Ng4 Qxg4 28. Qxg4 Bxg4 29. Bxg4 Nf6 30. f3 Re5 31. a5 bxa5 32. Ra1 Rb8 33. Rf2 Nxg4 34. fxg4 Nd7 35. Rxa5 Rb6 36. Rxf4 Rxb2 37. Rxa6 Nf6 38. Rxd6 Rc2 39. Rd8+ Kh7 40. Nb5 Rxc4 41. Nd6 Rc1+ 42. Kh2 Re7 43. Rf8 Re1 44. Nxf7 Rxf7 45. Rxf7 1-0

[Event "St Petersburg-ch sf"]
[Site "St Petersburg"]
[Date "2011.02.13"]
[Round "3"]
[White "Levin, Evgeny A"]
[Black "Kadyrov, Albert"]
[Result "1-0"]
[WhiteElo "2481"]
[BlackElo "2153"]
[PlyCount "85"]
[EventDate "2011.02.11"]
[EventType "swiss"]
[EventRounds "9"]
[EventCountry "RUS"]
[SourceTitle "CBM 141 Extra"]
[Source "ChessBase"]
[SourceDate "2011.05.03"]
[SourceVersion "1"]
[SourceVersionDate "2011.05.03"]
[SourceQuality "1"]

1. d4 d6 2. Nf3 Nf6 3. c4 g6 4. Nc3 Bg7 5. e4 0-0 6. Be2 e5 7. 0-0 Nc6 8. d5 Ne7 9. Ne1 Nd7 10. f3 f5 11. g4 Kh8 12. h4 Nf6 13. Nd3 c6 14. Nf2 Bd7 15. Be3 b5 16. b3 b4 17. dxc6 Bxc6 18. Nd5 Nexd5 19. cxd5 Bd7 20. Kg2 a5 21. Rh1 fxg4 22. fxg4 Rc8 23. Rc1 Rxc1 24. Qxc1 Qa8 25. Qd2 Rc8 26. Rc1 Ng8 27. Rxc8 Qxc8 28. g5 Qb7 29. Bg4 Bb5 30. Be2 Bd7 31. Qd3 Bf8 32. Qa6 Qxa6 33. Bxa6 h6 34. Bb6 a4 35. Ba5 axb3 36. axb3 hxg5 37. hxg5 Ne7 38. Bxb4 Nc8 39. Nd3 Kg7 40. Nb2 Be7 41. Nc4 Bxg5 42. Bxc8 Bxc8 43. Bxd6 1-0

[Event "St Petersburg-ch qual"]
[Site "St Petersburg"]
[Date "2006.12.04"]
[Round "4"]
[White "Kadyrov, Albert"]
[Black "Vunder, Andrei"]
[Result "1/2-1/2"]
[WhiteElo "2138"]
[BlackElo "2284"]
[PlyCount "36"]
[EventDate "2006.11.27"]
[EventType "swiss"]
[EventRounds "10"]
[EventCountry "RUS"]
[SourceTitle "EXT 2008"]
[Source "ChessBase"]
[SourceDate "2007.11.25"]
[SourceVersion "1"]
[SourceVersionDate "2007.11.25"]
[SourceQuality "1"]

1. c4 e6 2. Nc3 d5 3. d4 c5 4. Nf3 Nc6 5. cxd5 exd5 6. g3 Nf6 7. Bg2 Be7 8. 0-0 0-0 9. dxc5 Bxc5 10. Bg5 d4 11. Bxf6 Qxf6 12. Nd5 Qd8 13. Nf4 Re8 14. Rc1 Bb6 15. a3 Bf5 16. Re1 Be4 17. Nd3 Qf6 18. Qd2 Rad8 1/2-1/2

[Event "St Petersburg-ch qual"]
[Site "St Petersburg"]
[Date "2006.11.27"]
[Round "1"]
[White "Kadyrov, Albert"]
[Black "Tomberg, Sergey"]
[Result "1-0"]
[WhiteElo "2138"]
[BlackElo "1976"]
[PlyCount "51"]
[EventDate "2006.11.27"]
[EventType "swiss"]
[EventRounds "10"]
[EventCountry "RUS"]
[SourceTitle "EXT 2008"]
[Source "ChessBase"]
[SourceDate "2007.11.25"]
[SourceVersion "1"]
[SourceVersionDate "2007.11.25"]
[SourceQuality "1"]

1. e4 c5 2. Nc3 Nc6 3. g3 g6 4. Bg2 Bg7 5. d3 d6 6. f4 e6 7. Nf3 Nge7 8. 0-0 0-0 9. Ne2 Rb8 10. c3 b5 11. d4 Qb6 12. Be3 Rd8 13. Qe1 cxd4 14. Nfxd4 e5 15. Nf5 Qc7 16. Nxg7 Kxg7 17. Qf2 f5 18. g4 Kh8 19. fxe5 dxe5 20. exf5 gxf5 21. Qh4 Rf8 22. Bc5 f4 23. Bxc6 Qxc6 24. Qxe7 Bb7 25. Qxe5+ Rf6 26. Qxf6+ 1-0

[Event "Chigorin Memorial-B 14th"]
[Site "St Petersburg"]
[Date "2006.10.24"]
[Round "2"]
[White "Kirillova, Varvara"]
[Black "Kadyrov, Albert"]
[Result "0-1"]
[WhiteElo "2244"]
[BlackElo "2138"]
[PlyCount "120"]
[EventDate "2006.10.23"]
[EventType "swiss"]
[EventRounds "9"]
[EventCountry "RUS"]
[SourceTitle "EXT 2007"]
[Source "ChessBase"]
[SourceDate "2006.11.23"]
[SourceVersion "1"]
[SourceVersionDate "2006.11.23"]
[SourceQuality "1"]

1. e4 c6 2. d4 d5 3. e5 c5 4. dxc5 e6 5. Qg4 h5 6. Qg3 Qa5+ 7. c3 Qxc5 8. Nf3 b6 9. Be3 Qc7 10. Nd4 a6 11. Nd2 Ne7 12. Bd3 Nbc6 13. N2f3 Nxd4 14. Nxd4 Nc6 15. Nxc6 Qxc6 16. 0-0 Bb7 17. Bd4 g6 18. b4 Be7 19. a4 Kf8 20. Qe3 Bd8 21. f4 a5 22. Rfc1 Kg7 23. b5 Qc7 24. c4 dxc4 25. Bxc4 Qe7 26. Bxb6 Rc8 27. Bf1 Rxc1 28. Rxc1 Qb4 29. Rc4 Qb1 30. Bc5 Bd5 31. Rc1 Qa2 32. Qd4 Re8 33. b6 Be7 34. Bd6 Bd8 35. Bc7 Be7 36. Bd6 Bd8 37. Bc5 Be7 38. Qf2 Qxa4 39. Bxe7 Rxe7 40. Rc8 Re8 41. Rxe8 Qxe8 42. f5 gxf5 43. Qg3+ Kh6 44. Qh4 Qg8 45. Qf6+ Kh7 46. Qe7 a4 47. b7 a3 48. Qxa3 Bxb7 49. Qh3 Qg5 50. Qd3 Bd5 51. Qd4 Qg4 52. Qa7 Kg7 53. Qe3 Kg6 54. h3 Qg5 55. Qd4 Qg3 56. Kh1 Qxh3+ 57. Kg1 Qg3 58. Qb2 h4 59. Qb8 Qe3+ 60. Kh2 Kg7 0-1